000 01003nam0a22002531 4500
001 rc\2841564
005 20250529203022.0
035 _a(NLR Aleph) 006999112
090 _a5702833
_c5702833
100 _a20110629d1930 |||y0rusy50 ca
101 0 _arus
102 _aRU
105 _ay z |||||
200 1 _aНа подступах к социализму
_eСоциалист. соревнование на Осташков. госкожзаводе № 1-й им. т. Юзефовича
_fС. Михайлов и Н. Ларихин
210 _aОсташков
_cклуб "Красный кожевник"
_d1930
_gтип. Запполиграфтреста
215 _a32 с.
_d15×11 см
300 _aНа обл. 2-й автор - Ник. Ларихин
700 1 _aМихайлов
_bС.В.
_gСергей Васильевич
701 1 _aЛарихин
_bН.
_gНик.
801 0 _aRU
_bNLR
_gpsbo
801 1 _aRU
_bELAR
_2rusmarc
852 _aNLR
_j30-8/4961
942 _cBOOK
980 _aNB